000 00515nam a2200145 4500
008 170429b xxu||||| |||| 00| 0 eng d
022 _a0119-9000
082 _aDPer 641.505 C77 Jan-June 2013 v.13-14
245 _aDiscover the new breed of mixologists:
_bnow's the time mixologists creates exciting, new concoctions/
260 _aPhilippines:
_bUBM Medica,
_cJan-June 2013.
300 _av13 n12, pages 44-47:
_billustrations;
_c29 cm.
500 _aCook.
650 0 _920626
_aBartending
942 _2ddc
_cPER
999 _c6806
_d6806